Teknologi binaan bangunan /

Bibliographic Details
Main Author: TAN Boon Tong
Format: Book
Published: Kuala Lumpur: DBP, 1990.
Subjects:
LEADER 00680cam a2200241 7i4500
001 0000059380
005 20151104090000.0
005 ##20151104181100.0
002 ##000004704
003 ##MY-KlINT
008 151104 00010 eng
020 # # |a 9836213708  
039 # 9 |y 201511041811  |z VLOAD 
090 0 0 |a 729 TAN  
100 1 # |a TAN Boon Tong 
245 0 0 |a Teknologi binaan bangunan /   |c Tan Boon Tong .. 
260 # # |a Kuala Lumpur:   |b DBP,   |c 1990. 
300 # # |a 534p; 25cm. 
650 # 0 |a Architecture - designs and plans  
996 |a ikwas2000.out 
997 |a 3000048342  |b IKWS  |c MNF  |d BOK 
998 |a 0000006373 
999 |a 3000048342  |b BOOK  |c Main Non-Fiction  |e INTAN Kampus Wilayah Selatan